Central Library and Information Centre
Sibsagar Girls' College, Sivasagar : Assam

ANIMAL PHYSIOLOGY AND ECOLOGY (Record no. 5676)

MARC details
000 -LEADER
fixed length control field 00456cam a2200193ua 4500
008 - FIXED-LENGTH DATA ELEMENTS--GENERAL INFORMATION
fixed length control field 120121n1988 II |||gr||||Z||||||eng
040 ## - CATALOGING SOURCE
Original cataloging agency MAIN
041 ## - LANGUAGE CODE
-- English
100 ## - MAIN ENTRY--PERSONAL NAME
Personal name VERMA, P. S.
245 ## - TITLE STATEMENT
Title ANIMAL PHYSIOLOGY AND ECOLOGY
250 ## - EDITION STATEMENT
Edition statement 3RD.
260 ## - PUBLICATION, DISTRIBUTION, ETC.
Place of publication, distribution, etc. NEW DELHI
Name of publisher, distributor, etc. S.CHAND & COMPANY
Date of publication, distribution, etc. 1988
300 ## - PHYSICAL DESCRIPTION
Extent 246.:
Dimensions 22CM.
700 ## - ADDED ENTRY--PERSONAL NAME
Personal name AGARWALA, V. K.
700 ## - ADDED ENTRY--PERSONAL NAME
Personal name TYAGI, B. S.
942 ## - ADDED ENTRY ELEMENTS (KOHA)
Koha item type Books
653 ## - INDEX TERM--UNCONTROLLED
Uncontrolled term Animal Physiology
Holdings
Withdrawn status Lost status Source of classification or shelving scheme Damaged status Not for loan Collection code Home library Current library Shelving location Date acquired Total Checkouts Barcode Date last seen Price effective from Koha item type Public note Full call number
    Dewey Decimal Classification     REFZOO Central Library and Information Centre Sibsagar Girls College Central Library and Information Centre Sibsagar Girls College ZOOLOGY BOOK RACK 06.04.2023   13759 06.04.2023 06.04.2023 Books V  
    Dewey Decimal Classification     TBZOO Central Library and Information Centre Sibsagar Girls College Central Library and Information Centre Sibsagar Girls College BOTANY BOOK RACK 19.06.1995   13760 05.06.2023 05.06.2023 Books V 571.1 VER


Sibsagar Girl's College © 2020. All rights reserved.
Powered by Koha.
Maintained by Abhijit Borpuzari.